| 000 | 00519nam a2200193Ia 4500 | ||
|---|---|---|---|
| 005 | 20250508165510.0 | ||
| 008 | 008 250505s9999 xx 000 0 eng d | ||
| 020 | _a978-81-8146-453-8 | ||
| 037 | _aTextual | ||
| 040 |
_aFEDL _beng _cFEDL |
||
| 041 |
_aeng _2eng |
||
| 084 |
_a808.068, DES _qFEDL |
||
| 100 |
_aDeshpandey Junuka _9781026 |
||
| 245 | 0 | _aNight | |
| 260 |
_aChennai India _bTulika Publishers _c2008 |
||
| 365 |
_aINR _b85 |
||
| 942 |
_cTEXL _h808.068, DES |
||
| 999 |
_c1395472 _d1395472 |
||